| Tag |
First Indicator |
Second Indicator |
Subfields |
| LEADER |
00000cam a2200000 4500 |
| 001 |
in00003842425 |
| 005 |
20190415183452.0 |
| 006 |
m o d |
| 007 |
cr |n||||||||n |
| 008 |
921112s1703 enk|||| o 00| ||eng c |
| 035 |
|
|
|a (CU-RivES)N48415
|
| 035 |
|
|
|a (Uk-ES)006041948
|
| 035 |
|
|
|a (OCoLC)508226756
|
| 040 |
|
|
|a CU-RivES
|c CU-RivES
|d CStRLIN
|d Cengage Gale
|d UtOrBLW
|
| 245 |
0 |
4 |
|a The Reformer reform'd: or, The shortest way with Daniel D'Fooe :
|b Being an account of the apprehending and taking of him on Thursday last, pursuant to Her Majesty's proclamation, offering 50 l. reward for his discovery, for writing a seditious libel, call'd, the shortest way with dissenters. With an account of his being committed to Newgate. Licensed according to order.
|
| 264 |
|
1 |
|a London :
|b printed for T. Everat, in St. Jones's,
|c 1703.
|
| 300 |
|
|
|a 1 online resource (8 pages)
|
| 336 |
|
|
|a text
|b txt
|2 rdacontent
|
| 337 |
|
|
|a computer
|b c
|2 rdamedia
|
| 338 |
|
|
|a online resource
|b cr
|2 rdacarrier
|
| 510 |
4 |
|
|a English Short Title Catalog,
|c N48415.
|
| 500 |
|
|
|a Reproduction of original from Boston Public Library.
|
| 500 |
|
|
|a Electronic resource.
|
| 650 |
|
0 |
|a Dissenters, Religious
|z England
|v Early works to 1800.
|0 http://id.loc.gov/authorities/subjects/sh2008102319
|
| 655 |
|
7 |
|a Electronic books.
|2 local
|
| 710 |
2 |
|
|a Gale (Firm)
|0 http://id.loc.gov/authorities/names/no2008071348
|
| 752 |
|
|
|a Great Britain
|b England
|d London.
|
| 856 |
4 |
0 |
|u http://proxy.library.tamu.edu/login?url=http://find.galegroup.com/ecco/infomark.do?contentSet=ECCOArticles&docType=ECCOArticles&bookId=1367900900&type=getFullCitation&tabID=T001&prodId=ECCO&docLevel=TEXT_GRAPHICS&version=1.0&source=library&userGroupName=txshracd2898
|z Connect to the full text of this electronic book
|t 0
|
| 999 |
f |
f |
|s 5b483eb5-744f-3856-884e-276acc4b2f89
|i 1a87bcb5-a304-34f8-be48-7cf471c7c976
|t 0
|
| 952 |
f |
f |
|a Texas A&M University
|b College Station
|c Electronic Resources
|d Available Online
|t 0
|h No information provided
|
| 998 |
f |
f |
|t 0
|l Available Online
|